000 00402nam a2200157 i 4500
001 bg
245 0 _aKodeks cywilny /
_c[red. Andrzej Walczak].
250 _aStan prawny na 1 września 1993 r.
260 _aKraków :
_b"GEO",
_c1993.
300 _a208 s. ;
_c20 cm.
040 _cBPK
041 _apol
080 _a347.2/.6(438)(094.4)
942 _cKS
008 s pl f |000 0 pol
999 _c29971
_d29971
856 _uhttp://koha.tu.koszalin.pl/cgi-bin/koha/opac-detail.pl?biblionumber=29971
_yKatalog online BPK